000 00417 a2200109 4500
001 ART_50818
005 20260410161955.0
008 260409a
245 1 0 _aHerramientas y mecanismos de prevención de disputas societarias en las empresas de familia. Protocolos, estatutos, reglamentos
100 1 _aDasso, Ariel G.
773 0 _tTemas de derecho comercial
_g- Año 6, N° 5 (mayo 2020)
_wREV28151
999 _c30759
_d30759